000 00298nam a22001337a 4500
020 _a9781405201711
082 _a823.912
_bBLY
100 _aBlyton,Enid
245 _aThe fareaway three stories
260 _bEgmont Publications,
_c2001.
300 _a582p. ;
563 _aPB
942 _2ddc
_cBK
999 _c614879
_d614879